000 01543nam1a2200313 i 4500
001 RU\NLR\bibl\1056250
005 20240920071554.0
035 _a(NLR Aleph) 001043540
090 _a833798
_c833798
100 _a20070309g20069999u y0rusy50 ca
101 0 _arus
102 _aRU
105 _a||||z |||||
200 1 _aСоциально-экономическая статистика
_eучебное пособие
_eдля студентов специальности 030701 "Международные отношения" дневной и заочной форм обучения
_fК.А. Заболотская
_gМ-во образования и науки Рос. Федерации, ГОУ ВПО "Кемер. гос. ун-т", Каф. новейшей отеч. истории
210 _aКемерово
_cКузбассвузиздат
_d2006
215 _d20
225 1 _aУчебная литература КемГУ
463 0 _10011052403
463 0 _10011052617
606 1 _aЭкономическая статистика
_jУчебные издания для высших учебных заведений
_yРоссийская Федерация
_92129596
_3RU\NLR\auth\661284956
686 _aУ051.9(2)я73
700 1 _aЗаболотская
_bК. А.
_gКалерия Александровна
_4070
801 0 _aRU
_bNLR
_c20070309
_gRCR
801 1 _aRU
_bNLR
_c20070309
830 _aавт. по кн.
852 _aNLR
_j2007-3/6512
942 _cBOOK